[Event "Clichy"]
[Site "Clichy"]
[Date "1999.??.??"]
[Round "9"]
[White "Inkiov, Ventzislav"]
[Black "Verat, Laurent"]
[Result "1-0"]
[WhiteElo "2466"]
[BlackElo "2294"]

1.d4 Nf6 2.c4 e6 3.Nf3 Bb4+ 4.Nbd2 b6 5.a3 Bxd2+ 6.Bxd2 Bb7 7.Bg5 d6 8.e3 Nbd7
9.Be2 h6 10.Bh4 g5 11.Bg3 h5 12.h3 h4 13.Bh2 g4 14.hxg4 Rg8 15.g5 Ng4 16.Bf4 e5
17.Rxh4 exf4 18.Rxg4 fxe3 19.fxe3 Qe7 20.Qd2 O-O-O 21.Kf2 Rh8 22.a4 Rdg8
23.a5 f5 24.Rf4 Be4 25.axb6 axb6 26.Bd3 Bxf3 27.Kxf3 Qxg5 28.Bxf5 Qg3+ 29.Ke4 Kd8
30.Ra8+ Ke7 31.Rxg8 Nf6+ 32.Kd3 Rxg8 33.Bh3 Qg6+ 34.e4 d5 35.cxd5 Nxd5 36.Rg4 Qf7
37.exd5 Rxg4 38.Qe2+ Kd8 39.Qxg4 Qf1+ 40.Kc3 Qe1+ 41.Kb3  1-0

[Event "EU-ch Union SCIPT"]
[Site "DEN"]
[Date "1999.??.??"]
[Round "2"]
[White "Henriksen, Geir"]
[Black "Pereira, Fernando"]
[Result "1-0"]
[WhiteElo "2220"]
[BlackElo "2275"]

1.d4 Nf6 2.c4 e6 3.Nf3 Bb4+ 4.Nbd2 d5 5.Qa4+ Nc6 6.a3 Be7 7.e3 O-O 8.Qc2 Nb8
9.Be2 b6 10.O-O Bb7 11.b3 Nbd7 12.Bb2 c5 13.dxc5 Nxc5 14.b4 Nce4 15.Nxe4 Nxe4
16.cxd5 Bxd5 17.Ba6 Bf6 18.Rac1 Bxb2 19.Qxb2 Qe7 20.Rfd1 Bb7 21.Bxb7 Qxb7
22.Qd4 Nf6 23.Ne5 Rac8 24.b5 h6 25.h3 Rxc1 26.Rxc1 a6 27.a4 axb5 28.axb5 Nd5
29.Rc6 Ra8 30.e4 Nf4 31.Qxb6 Qe7 32.Qe3 Qg5 33.Ng4 h5 34.Rc5 Ne2+ 35.Kh2 Qxe3
36.Nxe3 Nd4 37.Nc4 Rb8 38.b6 g6 39.Kg3 Kf8 40.Kf4 Ke8 41.Ke5 Ne2 42.Rc7 Kf8
43.b7 Kg7 44.Nd6 Rf8 45.Rxf7+  1-0

[Event "Eger Agria op"]
[Site "Eger"]
[Date "1999.??.??"]
[Round "?"]
[White "Kerek, Csaba"]
[Black "Volosin, Vladimir"]
[Result "1/2-1/2"]
[WhiteElo "2385"]
[BlackElo "2320"]

1.d4 Nf6 2.c4 e6 3.Nf3 Bb4+ 4.Nbd2 O-O 5.g3 b6 6.Bg2 d5 7.O-O Bb7 8.Ne5 Qc8
9.Qc2 dxc4 10.Qxc4 Bxg2 11.Kxg2 Bd6 12.Ndf3 c5 13.dxc5 Qxc5 14.Be3 Qxc4 15.Nxc4 Be7
16.Rac1 Re8 17.Rfd1 Kf8  1/2-1/2

[Event "Cataluna-chT"]
[Site "ESP"]
[Date "1999.??.??"]
[Round "7"]
[White "Granados Gomez, Manuel"]
[Black "Perez Lopez, Jesus Maria"]
[Result "1-0"]
[WhiteElo "2455"]
[BlackElo "2270"]

1.d4 Nf6 2.Nf3 e6 3.c4 Bb4+ 4.Nbd2 d5 5.g3 O-O 6.Bg2 dxc4 7.Qc2 Nc6 8.Qxc4 Bd6
9.O-O e5 10.dxe5 Nxe5 11.Nxe5 Bxe5 12.Nf3 Bd6 13.e4 Be6 14.Qc2 Bg4 15.e5 Bxf3
16.Bxf3 Bxe5 17.Bxb7 Rb8 18.Bc6 Rb6 19.Rb1 Qd6 20.Bg2 c5 21.Be3 Bd4 22.Rfd1 Qe5
23.Bxd4 cxd4 24.Qa4 d3 25.b3 Rd6 26.Qxa7 d2 27.Qc7 Re8 28.Qc2 Qd4 29.Qc4 Qe5
30.b4 g5 31.h3 h5 32.Qc5 Kg7 33.Qxe5 Rxe5 34.a4 Ne4 35.Bxe4 Rxe4 36.a5 Rd5
37.a6 Re7 38.Kf1 Ra7 39.b5  1-0

[Event "Oberliga Nord O9899"]
[Site "GER"]
[Date "1999.??.??"]
[Round "?"]
[White "Schulz, Joern"]
[Black "Fuchs, Reinhart"]
[Result "1-0"]
[WhiteElo "2090"]
[BlackElo "2400"]

1.d4 e6 2.c4 Nf6 3.Nf3 Bb4+ 4.Nbd2 d5 5.e3 O-O 6.a3 Be7 7.Bd3 dxc4 8.Nxc4 b6
9.b4 Bb7 10.Qc2 Nbd7 11.Bb2 c5 12.dxc5 bxc5 13.b5 a6 14.bxa6 Bxa6 15.O-O Qc7
16.Rfd1 Rfc8 17.Rac1 h6 18.Qc3 Bf8 19.Bb1 Bb7 20.Nfe5 Nxe5 21.Nxe5 Rd8 22.f3 Rxd1+
23.Rxd1 Rd8 24.Rxd8 Qxd8 25.Qc2 h5 26.Nc6  1-0

[Event "Oberliga Nord N9899"]
[Site "GER"]
[Date "1999.??.??"]
[Round "?"]
[White "Michalski, Olaf"]
[Black "Neukirch, Detlef"]
[Result "0-1"]
[WhiteElo "2305"]
[BlackElo "2310"]

1.d4 Nf6 2.Nf3 e6 3.c4 Bb4+ 4.Nbd2 b6 5.a3 Bxd2+ 6.Bxd2 Bb7 7.Bg5 d6 8.e3 Nbd7
9.Qc2 h6 10.Bh4 Qe7 11.Rd1 O-O-O 12.Bd3 e5 13.dxe5 dxe5 14.Bf5 Kb8 15.e4 Nc5
16.O-O g6 17.b4 gxf5 18.bxc5 fxe4 19.Nd2 Qe6 20.cxb6 axb6 21.Bxf6 Qxf6 22.Nxe4 Qc6
23.f3 h5 24.h4 f5 25.Ng5 e4 26.Rde1 Rd4 27.fxe4 fxe4 28.c5 Rhd8 29.Rf2 Qxc5
30.Qxc5 bxc5 31.Rc2 c4 32.Ne6 Rd2 33.Nxd8 Rxc2 34.Nxb7 Kxb7 35.Rxe4 Kc6 36.g4 Kd5
37.Rf4 c3 38.Kf1 Rh2  0-1

[Event "SWZ-ch"]
[Site "Graechen"]
[Date "1999.??.??"]
[Round "?"]
[White "Huss, Andreas"]
[Black "Hirzel, Rene"]
[Result "1-0"]
[WhiteElo "2380"]
[BlackElo "2170"]

1.d4 Nf6 2.Nf3 e6 3.c4 Bb4+ 4.Nbd2 O-O 5.a3 Be7 6.e4 d5 7.e5 Nfd7 8.cxd5 exd5
9.b4 b6 10.Qb3 c6 11.Bd3 a5 12.b5 Bb7 13.bxc6 Bxc6 14.O-O a4 15.Qb1 h6 16.Re1 Na6
17.Nf1 Nc7 18.Ng3 b5 19.Bxh6 gxh6 20.Qc1 Bg5 21.Nxg5 hxg5 22.Qxc6 Ra6 23.Qc3 Qb8
24.Nf5 Ne6 25.Rab1  1-0

[Event "Havana Provincial-B"]
[Site "Havana"]
[Date "1999.??.??"]
[Round "?"]
[White "Marcel, R."]
[Black "Diaz, Dagoberto"]
[Result "1-0"]
[WhiteElo "2000"]
[BlackElo "2210"]

1.d4 Nf6 2.c4 e6 3.Nf3 Bb4+ 4.Nbd2 O-O 5.g3 d5 6.Bg2 b6 7.cxd5 exd5 8.O-O Re8
9.Ne5 Bb7 10.Ndf3 Ne4 11.Bf4 f6 12.Nd3 Bf8 13.Rc1 c5 14.dxc5 bxc5 15.Be3 d4
16.Bd2 Qb6 17.b4 Nxd2 18.Qxd2 cxb4 19.Nf4 g5 20.Nh5 Nd7 21.Nxd4 Bxg2 22.Kxg2 Ne5
23.Nc6 Rad8 24.Nxd8 Rxd8 25.Qc2 Qb7+ 26.Kg1 Qf7 27.Qb3 Qxb3 28.axb3 Kf7 29.f4 gxf4
30.Rxf4 Be7 31.Rc7 Rd1+ 32.Kf2 Ke8 33.Ng7+ Kd8 34.Ne6+ Ke8 35.Rxa7 Rb1 36.Kg2 Rxb3
37.Nc7+ Kf8 38.Nd5 Ng6 39.Rf3 Rb2 40.Nxe7 Rxe2+ 41.Rf2 Rxf2+ 42.Kxf2 Nxe7
43.Rb7 Nc6 44.Rxh7 Ke8 45.Ke3 Ne5 46.Rb7 Ng4+ 47.Kf4 Nxh2 48.Rxb4 f5 49.Kxf5 Nf1
50.Kf4 Nd2 51.Ke3 Nf1+ 52.Kf2  1-0

[Event "Helsinki op2"]
[Site "Helsinki"]
[Date "1999.??.??"]
[Round "3"]
[White "Pessi, Juha"]
[Black "Peltola, Leo"]
[Result "1-0"]
[WhiteElo "2190"]
[BlackElo "2062"]

1.d4 Nf6 2.c4 e6 3.Nf3 Bb4+ 4.Nbd2 Ne4 5.g3 O-O 6.Bg2 f5 7.O-O Nxd2 8.Bxd2 Bxd2
9.Qxd2 d6 10.Rfe1 Nd7 11.e4 fxe4 12.Rxe4 Nb6 13.b3 Bd7 14.Rh4 Qf6 15.Re1 h6
16.a4 Rae8 17.a5 Nc8 18.Rf4 Qd8 19.Bh3 e5 20.Bxd7 Rxf4 21.Bxe8 Rxf3 22.Bh5 Rxb3
23.dxe5 Ra3 24.exd6 Qxd6 25.Re8+ Kh7 26.Qc2+ g6 27.Bxg6+  1-0

[Event "Hessen-ch int"]
[Site "Hessen"]
[Date "1999.??.??"]
[Round "6"]
[White "Falz, Roman"]
[Black "Zatschek, Mark"]
[Result "1-0"]
[WhiteElo "2075"]
[BlackElo "2215"]

1.d4 Nf6 2.Nf3 e6 3.c4 Bb4+ 4.Nbd2 O-O 5.a3 Be7 6.e4 d6 7.Be2 a5 8.O-O Nc6
9.Qc2 e5 10.d5 Nb8 11.Ne1 c6 12.h3 Na6 13.g4 Nc5 14.f3 Qc7 15.Nb3 Na6 16.Be3 Bd7
17.Rc1 Rfc8 18.Qd1 a4 19.Na1 Qa5 20.Bd2 Qb6+ 21.Kh1 cxd5 22.cxd5 Rxc1 23.Bxc1 Rc8
24.Nd3 Bb5 25.Nc2 Bc4 26.Ne3 Bb3 27.Qd2 g6 28.Rg1 Bf8 29.Qe1 Kh8 30.Bd2 Bg7
31.Qg3 Qd4 32.Ng2 Qb6 33.Bc3 Nc5 34.Nf2 Ncd7 35.h4 Bc4 36.Bd1 Bb3 37.h5 g5
38.h6 Bxh6 39.Bd2 Qd4 40.Bc3 Rxc3 41.bxc3 Qxc3 42.Bxb3 Qxb3 43.Qh3 Bf8 44.Re1 Qxa3
45.Ne3 b5 46.Qf1 Qc3 47.Qe2 Nc5 48.Rb1 b4 49.Nfd1 Qd4 50.Nc2 Qd3 51.Qxd3 Nxd3
52.Nxb4 Ne1 53.Nc3 Nxf3 54.Rf1  1-0

[Event "EU-ch02 blind "]
[Site "Krynica"]
[Date "1999.??.??"]
[Round "8"]
[White "Heinich, Manfred"]
[Black "Mikhalev, Alexei"]
[Result "1/2-1/2"]
[WhiteElo "2180"]
[BlackElo "2260"]

1.d4 Nf6 2.c4 e6 3.Nf3 Bb4+ 4.Nbd2 b6 5.a3 Bxd2+ 6.Bxd2 Bb7 7.Bg5 d6 8.e3 Nbd7
9.Qc2 h6 10.Bh4 Qe7 11.Be2 O-O 12.O-O c5 13.b4 Rfe8 14.Qb2 e5 15.bxc5 dxc5
16.d5 g5 17.Bg3 Ne4 18.Nd2 Nxd2 19.Qxd2 f5 20.f3 Rf8 21.Bd3 Rae8 22.Qc2 Qf6
23.Qa4 Qd8 24.Qxa7 Qa8 25.Qxa8 Rxa8 26.a4 Kg7 27.Be1 Kf6 28.Bc3 f4 29.exf4 gxf4
30.g3 fxg3 31.f4 gxh2+ 32.Kxh2 Ke7 33.fxe5 Rxf1 34.Bxf1 Rf8 35.Bg2 Ba6 36.d6+ Ke8
37.Bd5 Rf2+ 38.Kg1 Rc2 39.Rf1 Rxc3 40.Bf7+ Kd8 41.e6 Re3 42.Kf2 Re5 43.e7+ Rxe7
44.dxe7+ Kxe7 45.Bd5 Ne5  1/2-1/2

[Event "Santiago op"]
[Site "Santiago"]
[Date "1999.??.??"]
[Round "6"]
[White "Valenzuela, Luis"]
[Black "Hoffman, Alejandro"]
[Result "1-0"]
[WhiteElo "2419"]
[BlackElo "2547"]

1.d4 Nf6 2.c4 e6 3.Nf3 Bb4+ 4.Nbd2 b6 5.a3 Bxd2+ 6.Qxd2 Bb7 7.e3 O-O 8.Be2 Ne4
9.Qc2 f5 10.b4 d6 11.Bb2 Qe7 12.O-O Nd7 13.Rad1 Nef6 14.d5 exd5 15.cxd5 Bxd5
16.Rxd5 Nxd5 17.Bc4 c6 18.Nd4 Kh8 19.Nxc6 Nxe3 20.Qd3 Qe8 21.fxe3 Ne5 22.Nxe5 dxe5
23.Rxf5 Rd8 24.Rxf8+ Qxf8 25.Qe2 Qd6 26.h3 Qd1+ 27.Qxd1 Rxd1+ 28.Bf1 e4 29.Bd4 Rb1
30.Kf2 Rb3 31.b5 Rxa3 32.Kg3 Ra2 33.Bc4 Ra4 34.Bf1 Ra2 35.h4 Rc2 36.Be5 Ra2
37.Bb8 h6 38.h5 Ra1 39.Bc4 Ra4 40.Bd5 a6 41.bxa6 Rxa6 42.Kf4 b5 43.Be5 Ra4
44.Bc6 Rb4 45.Bd4 Rb1 46.Bxe4 Rc1 47.Kf3 Rh1 48.g4 Rh2 49.Bc3 Ra2 50.Bd5 Rc2
51.Bd4 Rd2 52.Ke4 Kh7 53.Bc3 Rg2 54.Kf3 Rg1 55.Be4+ Kh8 56.Bf5 Rc1 57.Bb2 Rg1
58.Ke4 Rd1 59.Bc3 Kg8 60.Kf3 Rc1 61.Bb4 Kh8 62.Bd2 Rc6 63.Ke2 Ra6 64.Kd3 Ra3+
65.Kd4 Ra2 66.Bb4 Re2 67.e4 Rc2 68.Bc3 Kg8 69.e5 Rc1 70.Be6+  1-0

[Event "Paulisto-ch"]
[Site "Sao Caetano"]
[Date "1999.??.??"]
[Round "5"]
[White "Disconzi da Silva, Rodrigo"]
[Black "Leitao, Rafael"]
[Result "0-1"]
[WhiteElo "2336"]
[BlackElo "2545"]

1.d4 Nf6 2.c4 e6 3.Nf3 Bb4+ 4.Nbd2 b6 5.e3 Bb7 6.Bd3 O-O 7.O-O c5 8.a3 Bxd2
9.Bxd2 d6 10.Qe2 Nbd7 11.Bc3 Qe7 12.Nd2 e5 13.d5 e4 14.Bc2 Ba6 15.Qd1 b5
16.b3 bxc4 17.bxc4 Ne5 18.Nxe4 Nxe4 19.Bxe4 Bxc4 20.Re1 f5 21.Bc2 Ng6 22.Rb1 Qf7
23.Qd2 Nh4 24.f3 Bxd5 25.Qf2 Ng6 26.Red1 Rad8 27.Ba4 Rb8 28.Rxb8 Rxb8 29.Qd2 Ne7
30.e4 fxe4 31.fxe4 Bxe4 32.Qxd6 Rf8 33.Qg3 Nf5 34.Qe1 Qc4 35.Bd7 h6 36.a4 a6
37.Be5 Kh7 38.Qc3 Qe2 39.Qd2 Ng3 40.Qxe2 Nxe2+ 41.Kh1 Rf2 42.Bh3 c4 43.Re1 c3
44.Bxc3 Nxc3 45.Kg1 Re2 46.Rc1 Rc2  0-1

[Event "Itau Mercosul Cup 3rd"]
[Site "Sao Paulo"]
[Date "1999.??.??"]
[Round "9"]
[White "Leitao, Rafael"]
[Black "Limp, Eduardo"]
[Result "1-0"]
[WhiteElo "2574"]
[BlackElo "2434"]

1.d4 Nf6 2.Nf3 e6 3.c4 Bb4+ 4.Nbd2 b6 5.a3 Bxd2+ 6.Bxd2 h6 7.g3 Bb7 8.Bg2 Be4
9.O-O O-O 10.Re1 d6 11.Bf1 c5 12.Bc3 Nc6 13.dxc5 dxc5 14.Nd2 Bh7 15.Bg2 Rc8
16.Qa4 Nd4 17.Rac1 Qd7 18.Qxd7 Nxd7 19.e3 Nc6 20.f4 Nf6 21.b4 Rfd8 22.b5 Na5
23.e4 Rd3 24.Bf1 Rd7 25.e5 Ne8 26.Bxa5 bxa5 27.Nb3 a4 28.Na5 g5 29.fxg5 hxg5
30.Nc6 Rcc7 31.Nb8 Re7 32.Na6 Rc8 33.Bg2 g4 34.Bc6  1-0

[Event "St Lorrain Masters-B"]
[Site "St Lorrain"]
[Date "1999.??.??"]
[Round "?"]
[White "Gervasio, Ricardo"]
[Black "Lukov, Valentin"]
[Result "1-0"]
[WhiteElo "2350"]
[BlackElo "2455"]

1.d4 Nf6 2.c4 e6 3.Nf3 Bb4+ 4.Nbd2 b6 5.g3 Bb7 6.Bg2 O-O 7.O-O Re8 8.a3 Bxd2
9.Qxd2 d6 10.b4 Nbd7 11.Bb2 a5 12.Qc3 Ne4 13.Qc2 f5 14.Rfd1 Ndf6 15.d5 axb4
16.axb4 Rxa1 17.Bxa1 exd5 18.cxd5 Bxd5 19.Nh4 Be6 20.f3 Ng5 21.Nxf5 Bxf5
22.Qxf5 Nf7 23.e4 Qd7 24.Qxd7 Nxd7 25.f4 Nf6 26.Re1 Nd5 27.b5 Nb4 28.Rc1 Re7
29.Bd4 Nd3 30.Ra1 Nd8 31.Ra8 Re8 32.Rc8 Nc5 33.f5 Kf8 34.Rxc7 Nf7 35.Rc6 Nd7
36.h4 Ra8 37.Bxb6 Nfe5 38.Rxd6 Ra1+ 39.Bf1 Ra2 40.Bf2 Nf3+ 41.Kg2 Ne1+ 42.Kh3 Rxf2
43.Rxd7 Rxf1 44.b6 h5 45.Rd2 Rh1+ 46.Rh2 Rxh2+ 47.Kxh2 Nf3+ 48.Kg2 Ne5 49.b7 Nc6
50.Kf3 Ke7 51.Kf4 Kd6 52.e5+ Kc7 53.f6 gxf6 54.exf6 Kxb7 55.Kg5 Nd8 56.Kxh5 Kc6
57.Kg6 Kd7 58.Kg7 Ke6 59.g4 Nf7 60.g5 Nd6 61.h5 Kf5 62.h6 Ne8+ 63.Kf8  1-0

[Event "SWE-chT 9899"]
[Site "Sweden"]
[Date "1999.??.??"]
[Round "9"]
[White "Sandstrom, Ludvig"]
[Black "Kinnmark, Ove"]
[Result "1/2-1/2"]
[WhiteElo "2426"]
[BlackElo "2352"]

1.d4 Nf6 2.Nf3 e6 3.c4 Bb4+ 4.Nbd2 d5 5.a3 Be7 6.g3 O-O 7.Bg2 c5 8.dxc5 Bxc5
9.O-O Re8 10.b4 Bf8 11.Bb2 a5 12.Qb3 axb4 13.axb4 Rxa1 14.Rxa1 Na6 15.b5 Nc5
16.Qc2 h6 17.Ne5 Bd6 18.Ndf3 Nce4 19.Bd4 Qe7 20.e3 Bc5 21.cxd5 exd5 22.Bxc5 Nxc5
23.Rc1 Nfe4 24.Nd3 b6 25.Nb4 Be6 26.Ra1 Qf6 27.Nd4 Rc8 28.Nbc6 Ng5 29.Ra7 Kh8
30.h4 Nge4 31.Ra2 Bd7 32.Kh2 g5 33.hxg5 hxg5 34.Kg1 Kg7 35.Qb2 Nd3 36.Qe2 Ndxf2
37.Ra1 Bh3 38.Qb2 Rh8 39.Rf1 Bxg2 40.Rxf2 Qxf2+ 41.Qxf2 Nxf2 42.Kxg2 Ne4
43.Ne7 Rd8 44.Kf3 Kf8 45.Ndc6 Rd6 46.Nc8 Rf6+ 47.Kg4 Rf2 48.Nd4 Rf6 49.Nc6 Rf2
50.Nd4  1/2-1/2

[Event "SWE-chT 9899"]
[Site "Sweden"]
[Date "1999.??.??"]
[Round "11"]
[White "Hellsten, Johan"]
[Black "Westlund, Jan"]
[Result "1-0"]
[WhiteElo "2575"]
[BlackElo "2226"]

1.d4 Nf6 2.c4 e6 3.Nf3 Bb4+ 4.Nbd2 d5 5.Qa4+ Nc6 6.a3 Be7 7.e3 O-O 8.Qc2 a5
9.b3 Re8 10.Bb2 Bd6 11.Rd1 e5 12.cxd5 exd4 13.dxc6 dxe3 14.fxe3 Rxe3+ 15.Be2 Qe7
16.Nc4 Bf5 17.Bxf6 gxf6 18.Qd2 Re4 19.Nxd6 cxd6 20.cxb7 Re8 21.O-O Rxe2 22.Qxd6 Qxb7
23.Qxf6 Bg6 24.Rd2 Qa7+ 25.Kh1 Rxd2 26.Nxd2 Qe3 27.Nc4 Qxb3 28.Nd6 Rb8 29.Nf5 Bxf5
30.Qxf5 a4 31.Qg5+ Kh8 32.Qe5+ Kg8 33.h3 Rc8 34.Rf3 Qb1+ 35.Kh2 Qb8 36.Rg3+ Kf8
37.Qh8+ Ke7 38.Qxh7 Rc3 39.Qh4+  1-0

[Event "Tampere op3"]
[Site "Tampere"]
[Date "1999.??.??"]
[Round "1"]
[White "Kallio, Heikki"]
[Black "Perman, Torvald"]
[Result "1-0"]
[WhiteElo "2352"]
[BlackElo "2120"]

1.d4 Nf6 2.c4 e6 3.Nf3 Bb4+ 4.Nbd2 d5 5.Qa4+ Nc6 6.Qc2 O-O 7.a3 Bxd2+ 8.Bxd2 Ne4
9.Bf4 g5 10.Be3 f5 11.g3 Bd7 12.h4 f4 13.gxf4 gxf4 14.Bd2 Qf6 15.Bc3 Be8
16.h5 Qh6 17.Qb3 Nxc3 18.Qxc3 Rf5 19.Bg2 Rxh5 20.O-O-O Rxh1 21.Rxh1 Qf6 22.cxd5 exd5
23.Ne5 Nxe5 24.dxe5 Qc6 25.Rh4 Qxc3+ 26.bxc3 c6 27.Rxf4 Bg6 28.Rf6 Kg7 29.f4 Be4
30.Bh3 Rd8 31.Kd2 d4 32.Rd6 dxc3+ 33.Kxc3 Rf8 34.Rd7+ Kg6 35.e3 Bf5 36.Bxf5+ Rxf5
37.Rxb7 h5 38.Rb1 h4 39.Kd4 Kf7 40.Rb7+ Kg6 41.Rc7 h3 42.Rxc6+ Kh5 43.Rc8 Kg4
44.Ke4 Rh5 45.Rg8+ Kh4 46.Kf3  1-0

[Event "JUG-chT"]
[Site "Vrnjacka Banja"]
[Date "1999.??.??"]
[Round "4"]
[White "Nestorovic, Dejan"]
[Black "Brkljaca, Ante"]
[Result "1/2-1/2"]
[WhiteElo "2376"]
[BlackElo "2353"]

1.d4 Nf6 2.c4 e6 3.Nf3 Bb4+ 4.Nbd2 b6 5.a3 Bxd2+ 6.Bxd2 Bb7 7.Bg5 h6 8.Bh4 d6
9.e3 Nbd7 10.Nd2 Qe7 11.Be2 c5 12.Bf3 Bxf3 13.Nxf3 d5 14.O-O O-O 15.Rc1 Rac8
16.Qe2 cxd4 17.exd4 Qd6 18.Bg3 Qc6 19.b3 Rfe8 20.h3 dxc4 21.bxc4 Qa4 22.Qe3 Rc6
23.Rb1 Rec8 24.Rb3  1/2-1/2

[Event "JUG-chT"]
[Site "Vrnjacka Banja"]
[Date "1999.??.??"]
[Round "8"]
[White "Nestorovic, Dejan"]
[Black "Gavrilovic, Leonardo"]
[Result "1-0"]
[WhiteElo "2376"]
[BlackElo "2258"]

1.d4 Nf6 2.c4 e6 3.Nf3 Bb4+ 4.Nbd2 O-O 5.a3 Be7 6.e4 d5 7.e5 Ne8 8.Qc2 b6
9.Bd3 h6 10.O-O c5 11.Rd1 Bb7 12.dxc5 bxc5 13.Nf1 Nd7 14.Qe2 Qb6 15.cxd5 Bxd5
16.Ne3 Bxf3 17.Qxf3 Nxe5 18.Qe4 Nxd3 19.Qxa8 Nf6 20.Qf3 Ne5 21.Qe2 Nc6 22.Nc4 Qa6
23.Be3 Nd5 24.Rd2 Rb8 25.Rc1 Rb3 26.Rd3 Rb5 27.Qc2 Qb7 28.Re1 Qb8 29.Qe2 Bf6
30.Bc1 Nd4 31.Qg4 Kf8 32.Qg3 Qa8 33.Nd6 Rb6 34.Nc4 Rb8 35.Qd6+ Be7 36.Qg3 a5
37.Bd2 Nf5 38.Qf3 Qa6 39.Ne5 Rd8 40.Bc3 Bf6 41.Red1 Nfe7 42.Ng4 Bxc3 43.bxc3 c4
44.Ne5 f6 45.Rd4 Kg8 46.Nxc4 Rc8 47.Qd3 Qa7 48.h3 Rc6 49.Rc1 Qc7 50.Ne3 Nxc3
51.Kh1 Ncd5 52.Rdc4 Rxc4 53.Qxc4 Qe5 54.Nxd5 Nxd5 55.Qb5 Qf4 56.Qc6 Qe5 57.Qc5 Qe4
58.Qc8+ Kf7 59.Qd7+ Kg6 60.Qc6 Kf7 61.Qb7+ Kg8 62.Qb1 Qa4 63.Qg6 Qd7 64.Qc2 Kf7
65.Qc6 Qa7 66.Qc5 Qa6 67.Kg1 Kg6 68.Qc6 Qe2 69.Qc2+ Qxc2 70.Rxc2 Kf5 71.Rc5 a4
72.Ra5  1-0

[Event "Zaragoza op 11th"]
[Site "Zaragoza"]
[Date "1999.??.??"]
[Round "9"]
[White "Baron Rodriguez, Jorge"]
[Black "Vehi Bach, Victor Manuel"]
[Result "1-0"]
[WhiteElo "2205"]
[BlackElo "2390"]

1.d4 Nf6 2.c4 e6 3.Nf3 Bb4+ 4.Nbd2 O-O 5.a3 Be7 6.e4 d5 7.e5 Nfd7 8.Bd3 c5
9.dxc5 Nxc5 10.Bc2 a5 11.O-O a4 12.cxd5 exd5 13.b4 axb3 14.Nxb3 Bg4 15.Nxc5 Bxc5
16.Qd3 g6 17.Bg5 Be7 18.Bh6 Re8 19.Bb3 Be6 20.Nd4 Nc6 21.Nxe6 fxe6 22.f4 Bxa3
23.Kh1 Bf8 24.Bg5 Be7 25.h4 Rxa1 26.Rxa1 Bxg5 27.hxg5 Qb6 28.Rf1 Rf8 29.Bc2 Nb4
30.Qb3 Qc5 31.Bd1 Qc4 32.Qf3 Qd3 33.Qf2 Nc6 34.Bg4 Kf7 35.Rc1 Re8 36.Qb6 Re7
37.Qf2 Kg7 38.Qh4 Qe3 39.Ra1 Nd8 40.Qh6+ Kg8 41.g3 Qe4+ 42.Kh2 Qc2+ 43.Kh1 Rc7
44.Qh3 Rc6 45.Qg2 Kf7 46.Be2 Qb2 47.Rf1 Rc1 48.Kh2 Rxf1 49.Qxf1 Nc6 50.Kh3 Ke7
51.Kg4 Qd4 52.Qb1 Qb4 53.Qa1 Kd7 54.Kh3 Na5 55.Bd3 Kc7 56.Qd1 Qc3 57.Qb1 Nc6
58.Kg4 Ne7 59.Qb5 Nc6 60.Qb1 Nd4 61.Kh3 Qb3 62.Qc1+ Kb6 63.Qe3 Kc5 64.Qc1+ Kb6
65.Qe3 Qc3 66.g4 Kc7 67.Kg2 Nc2 68.Qh3 Qd2+ 69.Kg1 Qe3+ 70.Qxe3 Nxe3 71.Kf2 Nd1+
72.Ke2 Nc3+ 73.Kd2 Na4 74.f5 exf5 75.gxf5 gxf5 76.Bxf5 Nc5 77.Kc3 Nd7 78.Kd4 Nf8
79.Kxd5 b5 80.Bxh7  1-0

[Event "Petroff Mem Open"]
[Site "St Petersburg RUS"]
[Date "2000.02.08"]
[Round "2"]
[White "Malaniuk,V"]
[Black "Polovnikova,E"]
[Result "1-0"]
[WhiteElo "2572"]
[BlackElo "2356"]

1.d4 Nf6 2.Nf3 e6 3.c4 Bb4+ 4.Nbd2 b6 5.a3 Bxd2+ 6.Bxd2 Bb7 7.Bg5 d6 8.e3 Nbd7
9.Nd2 Qe7 10.Bh4 h6 11.Be2 g5 12.Bf3 c6 13.Bg3 h5 14.c5 dxc5 15.Nc4 Ba6 16.Bxc6 Bxc4
17.Bxa8 O-O 18.Bc6 h4 19.Be5 Rc8 20.Qa4 cxd4 21.Bxf6 Qxf6 22.Qxc4 Ne5 23.Qb5 dxe3
24.O-O Rxc6 25.fxe3 Qg7 26.Rac1 Rxc1 27.Rxc1 Ng4 28.Qe2 Nf6 29.e4 Qg6 30.Rc4 Nh5
31.Qc2 Nf4 32.Rc8+ Kh7 33.e5 Qxc2 34.Rxc2 Nd5 35.b4 Kg6 36.Rc8 Kf5 37.Rf8 Kxe5
38.Rxf7 Kd4 39.Rxa7 e5 40.Kf2 e4 41.Rd7 b5 42.Rg7 Kd3 43.Rxg5 Nc3 44.Ke1 Ke3
45.Rh5  1-0

[Event "FSIMA February"]
[Site "Budapest HUN"]
[Date "2000.02.12"]
[Round "8"]
[White "Szeberenyi,A"]
[Black "Froehlich,P"]
[Result "1/2-1/2"]
[WhiteElo "2257"]
[BlackElo "2375"]

1.d4 Nf6 2.c4 e6 3.Nf3 Bb4+ 4.Nbd2 d5 5.a3 Be7 6.g3 O-O 7.Bg2 b6 8.O-O Bb7
9.Ne5 Nbd7 10.Ndf3 dxc4 11.Nxc4 Bd5 12.Nfe5 Bxg2 13.Kxg2 Nxe5 14.Nxe5 Qd5+
15.Nf3 Rfd8 16.Bf4 Qb7 17.Qc2 Rac8 18.Rfd1 Ne4 19.Rac1 g5 20.Be3 g4 21.Ne5 Nc3+
22.Nc6 Nxd1 23.Rxd1 Rd6 24.d5 Bf8 25.Bf4 Rxd5 26.Rxd5 exd5 27.Qf5 Qxc6 28.Qxg4+ Qg6
29.Qxc8 Qe4+ 30.Kg1 Qxe2 31.Bh6 Qe1+ 32.Kg2 Qe4+ 33.Kg1  1/2-1/2

[Event "FSIMA February"]
[Site "Budapest HUN"]
[Date "2000.02.12"]
[Round "8"]
[White "Yu Mingyuan"]
[Black "Eperjesi,L"]
[Result "0-1"]
[WhiteElo "2419"]
[BlackElo "2365"]

1.d4 Nf6 2.Nf3 e6 3.c4 Bb4+ 4.Nbd2 d5 5.e3 O-O 6.a3 Be7 7.Bd3 b6 8.O-O Bb7
9.b3 c5 10.dxc5 bxc5 11.cxd5 exd5 12.Bb2 Nbd7 13.Qc2 Re8 14.Rfd1 Qb6 15.Bf5 g6
16.Bh3 Rad8 17.Qc3 Nf8 18.b4 d4 19.exd4 cxb4 20.axb4 Bxb4 21.Qd3 a5 22.Nc4 Qc7
23.Nfe5 Nd5 24.g3 Ne6 25.Rdc1 Qb8 26.Nxa5 Bxa5 27.Rxa5 Ng5 28.Bg2 Rxe5 29.dxe5 Nf4
30.Qxd8+ Qxd8 31.gxf4 Nh3+ 32.Bxh3 Qxa5 33.Bg2 Bxg2 34.Kxg2 Qb4 35.Rc8+ Kg7
36.Rc2 Qe4+ 37.Kg3 Qxc2 38.e6+ Qxb2 39.e7 Qa3+  0-1

[Event "16th open"]
[Site "Cappelle La Grande FRA"]
[Date "2000.02.21"]
[Round "4"]
[White "Olafsson,H"]
[Black "Leitao,R"]
[Result "0-1"]
[WhiteElo "2491"]
[BlackElo "2565"]

1.d4 Nf6 2.c4 e6 3.Nf3 Bb4+ 4.Nbd2 b6 5.a3 Bxd2+ 6.Qxd2 Bb7 7.e3 d6 8.Be2 Nbd7
9.O-O O-O 10.b4 Ne4 11.Qd3 f5 12.Nd2 Rf6 13.f3 Ng5 14.Bb2 Rg6 15.Kh1 Nf7
16.g3 Qg5 17.Rg1 Nf6 18.Rg2 Re8 19.Rf1 e5 20.d5 b5 21.e4 Bc8 22.cxb5 f4 23.Rfg1 Bh3
24.Rf2 Qh6 25.Bc1 fxg3 26.hxg3 Bf1+  0-1

[Event "Oz.com qualifier blitz"]
[Site "Internet ICC"]
[Date "2000.03.05"]
[Round "2"]
[White "Grivas,E"]
[Black "Ratcu,T"]
[Result "1-0"]
[WhiteElo "2503"]
[BlackElo "2226"]

1.d4 Nf6 2.c4 e6 3.Nf3 Bb4+ 4.Nbd2 O-O 5.g3 Ne4 6.Bg2 c5 7.O-O Bxd2 8.Bxd2 Qe7
9.Be3 d6 10.Qc2 Nf6 11.Rad1 Nbd7 12.Rd2 Rb8 13.dxc5 dxc5 14.Rfd1 b6 15.Bf4 e5
16.Bg5 h6 17.Bxf6 Nxf6 18.Nh4 Be6 19.Nf5 Bxf5 20.Qxf5 g6 21.Qd3 Kg7 22.b3 Qe6
23.Qd6 Qf5 24.Qc7 Ng4 25.Bf3 h5 26.Rd5 Rbe8 27.Qxa7 Re6 28.Qc7 Qf6 29.Rd6 Rfe8
30.Rxe6 Rxe6 31.Rd7 Qf5 32.Rd6 h4 33.Rxe6 Qxe6 34.Bxg4 Qxg4 35.Qxe5+ Kg8
36.f3 Qd7 37.Kf2 h3 38.Qe3 Qd1 39.g4 Qh1 40.Qe5 Qg2+ 41.Ke3 Qg1+ 42.Ke4 Qb1+
43.Kd5 Qxa2 44.Kd6 Qxb3 45.Qe4 Qd1+ 46.Kc6 Qd8 47.f4 Qf6+ 48.Kb7 Qh4 49.f5 Qf6
50.fxg6 fxg6 51.e3 Kh7 52.Ka6 Qd6 53.Qf4 Qd8 54.g5 Kg8 55.Qe5 Kh7 56.Kb5 Qd3
57.Qe7+ Kg8 58.Qe6+ Kg7 59.Qxh3 Qb3+ 60.Kc6 Qxc4 61.Qh6+ Kf7 62.Qh7+ Kf8
63.Qxg6 b5 64.Qf5+ Kg8 65.Qxc5 Qe6+ 66.Kxb5 Qd7+ 67.Qc6 Qf5+ 68.Qc5 Qd7+
69.Kb6 Qd8+ 70.Kb7 Qd7+ 71.Kb8 Qd2 72.Qc8+ Kg7 73.Qc7+ Kg6 74.Qf4 Qb2+ 75.Kc7 Qc3+
76.Kd6 Qd3+ 77.Ke5 Qb5+ 78.Ke4 Qc6+ 79.Kd3 Qb5+ 80.Kd2 Qb2+ 81.Ke1 Qc1+ 82.Kf2 Qd2+
83.Kg3 Qe1+ 84.Kh3 Qe2 85.Qf6+ Kh7 86.g6+ Kh6 87.Qh4+ Kg7 88.Qh7+ Kf6 89.Qf7+ Kg5
90.Qf4+ Kh5 91.Qh4+ Kxg6 92.Qg4+ Qxg4+ 93.Kxg4  1-0

[Event "Oz.com qualifier blitz"]
[Site "Internet ICC"]
[Date "2000.03.05"]
[Round "8"]
[White "Grivas,E"]
[Black "Schwartz,Y"]
[Result "1-0"]
[WhiteElo "2503"]
[BlackElo "2311"]

1.d4 Nf6 2.c4 e6 3.Nf3 Bb4+ 4.Nbd2 O-O 5.g3 d5 6.Qb3 Na6 7.Bg2 dxc4 8.Qxc4 Qd5
9.O-O Qxc4 10.Nxc4 Be7 11.Be3 Nb4 12.a3 Nc2 13.Rac1 Nxe3 14.Nxe3 c6 15.Ne5 Rd8
16.Rfd1 Bd7 17.N3c4 Be8 18.Na5 Rab8 19.e3 Bd6 20.f4 Bc7 21.Nac4 Nd5 22.Kf2 f6
23.Nd3 Bh5 24.Bf3 Bxf3 25.Kxf3 Ne7 26.Nc5 Kf7 27.g4 h5 28.h3 Rh8 29.g5 Nf5
30.Rg1 h4 31.Nd2 Rhd8 32.Nde4 Rg8 33.Rg2 Bb6 34.Rcg1 Bd8 35.gxf6 Bxf6 36.Nxf6 gxf6
37.Rxg8 Rxg8 38.Rxg8 Kxg8 39.Nxb7 Kf7 40.Na5 Ne7 41.e4 f5 42.b4 Ke8 43.Nc4 Kd7
44.Ne5+ Kc7 45.Ke3 Kb6 46.a4 a5 47.Nc4+ Ka6 48.Nxa5 fxe4 49.Kxe4 Kb6 50.Nc4+ Kc7
51.b5 cxb5 52.axb5 Nd5 53.b6+ Kc6 54.Ke5 Kb7 55.f5  1-0

[Event "It"]
[Site "Tel Aviv ISR"]
[Date "2000.03.21"]
[Round "2"]
[White "Mikhalevski,A"]
[Black "Bykhovsky,Av"]
[Result "1-0"]
[WhiteElo "2479"]
[BlackElo "2467"]

1.d4 Nf6 2.c4 e6 3.Nf3 Bb4+ 4.Nbd2 b6 5.a3 Bxd2+ 6.Qxd2 Bb7 7.g3 Bxf3 8.exf3 d5
9.c5 bxc5 10.dxc5 a5 11.b3 O-O 12.Bb2 c6 13.Bd3 Nbd7 14.b4 axb4 15.axb4 Rxa1+
16.Bxa1 Qa8 17.O-O Rb8 18.f4 Qa3 19.Rb1 Nxc5 20.Be5 Nfe4 21.Qe3 Qxd3 22.Qxd3 Nxd3
23.Bxb8 f6 24.Ba7 Nc3 25.Rb3 Nc1 26.Ra3 d4 27.Kf1 Nb5 28.Ra6 d3 29.Be3 Nb3
30.Rxc6 Kf7 31.Ke1 h5 32.Rc8 e5 33.fxe5 fxe5 34.Rb8 Na3 35.b5 Nc2+ 36.Kd1 Ke6
37.Rd8  1-0